书目信息 |
| 题名: |
数学与军事
|
|
| 作者: | 汪浩 著 | |
| 分册: | ||
| 出版信息: | 大连 大连理工大学出版社 2008 |
|
| 页数: | 221页 | |
| 开本: | 21cm | |
| 丛书名: | 数学科学文化理念传播丛书 | |
| 单 册: | ||
| 中图分类: | E911 | |
| 科图分类: | ||
| 主题词: | 军事数学--研究 , 军事数学 | |
| 电子资源: | ||
| ISBN: | 978-7-5611-4306-3 | |
| 000 | 00926oam2 2200265 45 | |
| 005 | 20100301113634.43 | |
| 010 | @a978-7-5611-4306-3@dCNY24.00 | |
| 100 | @a20100121d2008 ekmy0chiy0120 ea | |
| 101 | 0 | @achi |
| 102 | @aCN@b210000 | |
| 105 | @ay z 000yy | |
| 106 | @ar | |
| 200 | 1 | @a数学与军事@AShu Xue Yu Jun Shi@dMathematics and military@f汪浩著@FWang Hao Zhu@zeng |
| 210 | @a大连@c大连理工大学出版社@d2008 | |
| 215 | @a221页@d21cm | |
| 225 | 2 | @a数学科学文化理念传播丛书@h第二辑@v08 |
| 330 | @a本书共分6章论述了数学与军事的联系,解释了数学与军事的关系,分析了从古至今各种战争的性质,常规战、核战争、现代战争中所涉及的数学问题等。 | |
| 461 | 0 | @12001 @a数学科学文化理念传播丛书@h第二辑@v08 |
| 510 | 1 | @aMathematics and military@zeng |
| 606 | 0 | @a军事数学@x研究 |
| 606 | 0 | @a军事数学 |
| 690 | @aE911@v4 | |
| 701 | 0 | @a汪浩@AWang Hao@4著 |
| 801 | 0 | @aCN@bTANGWEI@c20100301 |
| 905 | @b0585130-33@dE911@e7@f4 | |
| 数学与军事=Mathematics and military/汪浩著.-大连:大连理工大学出版社,2008 |
| 221页;21cm.-(数学科学文化理念传播丛书.第二辑;08) |
| ISBN 978-7-5611-4306-3:CNY24.00 |
| 本书共分6章论述了数学与军事的联系,解释了数学与军事的关系,分析了从古至今各种战争的性质,常规战、核战争、现代战争中所涉及的数学问题等。 |
| ● |
| 相关链接 |
|
|
|
|
正题名:数学与军事
索取号:E911/7
 
预约/预借
| 序号 | 登录号 | 条形码 | 馆藏地/架位号 | 状态 | 备注 |
| 1 | 0585130 | 205851309 | 第一样本阅览室/ [索取号:E911/7] | 在馆 | |
| 2 | 0585131 | 205851318 | 第一借阅区/ [索取号:E911/7] | 在馆 | |
| 3 | 0585132 | 205851327 | 第一借阅区/ [索取号:E911/7] | 在馆 | |
| 4 | 0585133 | 205851336 | 第一借阅区/ [索取号:E911/7] | 在馆 |